[Event "Warsaw Szansa Blitz op"]
[Site "Warsaw"]
[Date "2021.09.10"]
[Round "2"]
[White "Gdanski, Jacek"]
[Black "Kozak, Michal"]
[Result "1/2-1/2"]
[WhiteElo "2493"]
[BlackElo "1787"]
[PlyCount "186"]
[EventDate "2021.09.10"]
[EventType "swiss (blitz)"]
[EventRounds "11"]
[EventCountry "POL"]
[SourceTitle "CBM 204 Extra"]
[Source "ChessBase"]
[SourceDate "2021.11.30"]
[SourceVersion "1"]
[SourceVersionDate "2021.11.30"]
[SourceQuality "1"]

1. e4 e5 2. Nf3 Nf6 3. d4 exd4 4. e5 Ne4 5. Qxd4 d5 6. exd6 Nxd6 7. Nc3 Nc6 8. Qf4 Be7 9. Be3 Qd7 10. 0-0-0 Qf5 11. Nd5 Qxf4 12. Bxf4 Bd8 13. Nxc7+ Bxc7 14. Bxd6 Bxd6 15. Rxd6 0-0 16. Bb5 Ne7 17. Re1 Nf5 18. Rd2 a6 19. Bd7 Rd8 20. Bxc8 Raxc8 21. Rxd8+ Rxd8 22. g4 Nd6 23. Re7 Kf8 24. Rc7 Ke8 25. b3 Rd7 26. Rxd7 Kxd7 27. Kd2 Ne4+ 28. Ke3 Nd6 29. c4 Kc6 30. Kd4 f6 31. Nd2 Nf7 32. f4 Nd6 33. Ne4 Nf7 34. h3 Nd8 35. b4 Ne6+ 36. Ke3 Nc7 37. a4 b5 38. axb5+ axb5 39. Nd2 bxc4 40. Nxc4 Nd5+ 41. Ke4 Nxb4 42. Kf5 Kd7 43. Ne3 Ke7 44. g5 fxg5 45. fxg5 Nd3 46. h4 g6+ 47. Ke4 Nc5+ 48. Ke5 Nd3+ 49. Kd4 Nf2 50. Nd5+ Ke6 51. Nc7+ Kf5 52. Ke3 Ng4+ 53. Kf3 Ne5+ 54. Kg3 Nd7 55. Ne8 Nf8 56. Kf3 Ke5 57. Nf6 Ke6 58. Ng4 Kf5 59. Nh6+ Ke6 60. Ke4 Kd6 61. Nf7+ Ke6 62. Ne5 Kd6 63. Nf3 Ke6 64. Nd4+ Kd6 65. Ne2 Ke6 66. Ng3 Kd6 67. Nf1 Ke6 68. Ne3 Kd6 69. Nd1 Ke6 70. Kf4 Kd6 71. Nf2 Ke6 72. Ne4 Kd5 73. Nf6+ Ke6 74. Ke4 Kd6 75. Ke3 Ke6 76. Kf4 Kd6 77. Ke4 Ke6 78. Ng4 Kd6 79. Nh6 Ke6 80. Kd4 Kd6 81. Nf7+ Ke6 82. Nd8+ Kf5 83. Kd5 Kg4 84. Kd6 Kxh4 85. Nf7 Kg4 86. Ke7 h5 87. gxh6 Nh7 88. Ke6 Kh5 89. Ke5 g5 90. Kf5 g4 91. Kf4 g3 92. Kxg3 Kg6 93. Ne5+ Kxh6 1/2-1/2